¡Silencio, niños! Y otros cuentos / (Registro nro. 4394)
[ vista simple ]
| 000 -LEADER | |
|---|---|
| fixed length control field | 01126nam a2200241Ia 4500 |
| 003 - CONTROL NUMBER IDENTIFIER | |
| control field | OSt |
| 005 - DATE AND TIME OF LATEST TRANSACTION | |
| control field | 20231006194836.0 |
| 008 - FIXED-LENGTH DATA ELEMENTS--GENERAL INFORMATION | |
| fixed length control field | 191128s1998 ck a gr 000 j spa d |
| 020 ## - INTERNATIONAL STANDARD BOOK NUMBER | |
| International Standard Book Number | 9580439273 |
| 040 ## - CATALOGING SOURCE | |
| Original cataloging agency | CO-JMCR |
| Transcribing agency | CO-JMCR |
| 041 ## - LANGUAGE CODE | |
| Language code of text/sound track or separate title | spa |
| 082 04 - DEWEY DECIMAL CLASSIFICATION NUMBER | |
| Classification number | C / |
| Item number | WOLs |
| 100 ## - MAIN ENTRY--PERSONAL NAME | |
| Personal name | Wolf, Ema, |
| Dates associated with a name | 1948 |
| Relator term | autor |
| 9 (RLIN) | 5511 |
| 245 #0 - TITLE STATEMENT | |
| Title | ¡Silencio, niños! Y otros cuentos / |
| Statement of responsibility, etc. | Ema Wolf ; ilustraciones por Pez |
| 260 ## - PUBLICATION, DISTRIBUTION, ETC. | |
| Place of publication, distribution, etc. | Bogotá : |
| Name of publisher, distributor, etc. | Norma, |
| Date of publication, distribution, etc. | 1998 |
| 300 ## - PHYSICAL DESCRIPTION | |
| Extent | 116 páginas : |
| Other physical details | ilustraciones a color ; |
| Dimensions | 19 cm. |
| 490 ## - SERIES STATEMENT | |
| Series statement | Torre de papel. Torre azul |
| 500 ## - GENERAL NOTE | |
| General note | Recomendado a partir de 9 años. |
| 505 ## - FORMATTED CONTENTS NOTE | |
| Formatted contents note | ¡Silencio, niños! -- El rey que no quería bañarse -- Lupertius se enoja los jueves -- Gervasio, el hombre bala -- El encuentro del caballero resfriado --Walter Ramírez y el ratón nipón -- Dientes |
| 520 ## - SUMMARY, ETC. | |
| Summary, etc. | ¡Silencio, niños! Encabeza un grupo de cuentos sivertidos por donde circulan personbajes más bien raros: un hombre-bala, un náufrago exigente, un gato ladrón de pizzas, un rey que no quería bañarse, un caballero resfriado. |
| 650 ## - SUBJECT ADDED ENTRY--TOPICAL TERM | |
| Topical term or geographic name entry element | Cuentos infantiles |
| 9 (RLIN) | 5512 |
| 942 ## - ADDED ENTRY ELEMENTS (KOHA) | |
| Source of classification or shelving scheme | Dewey Decimal Classification |
| Koha item type | Books |
| Withdrawn status | Lost status | Source of classification or shelving scheme | Damaged status | Not for loan | Collection code | Home library | Current library | Date acquired | Cost, normal purchase price | Total Checkouts | Full call number | Barcode | Date last seen | Date last checked out | Copy number | Koha item type |
|---|---|---|---|---|---|---|---|---|---|---|---|---|---|---|---|---|
| Dewey Decimal Classification | Fiction | Biblioteca Pública José María del Castillo y Rada | Biblioteca Pública José María del Castillo y Rada | 11/28/2019 | 0.00 | 3 | C / WOLs | 201809250 | 06/18/2024 | 06/18/2024 | Ej.1 | Books |